Thị trấn Huỳnh Hữu Nghĩa: Đất nước, con người

Spremljeno u:
Bibliografski detalji
Format: Knjiga
Jezik:Undetermined
Izdano: Sóc Trăng UBND huyện Mỹ Tú 1988
Teme:
Oznake: Dodaj oznaku
Bez oznaka, Budi prvi tko označuje ovaj zapis!
Thư viện lưu trữ: Trung tâm Học liệu Trường Đại học Cần Thơ
LEADER 00516nam a2200157Ia 4500
001 CTU_10373
008 210402s9999 xx 000 0 und d
082 |a 915.97 
082 |b Th300 
245 0 |a Thị trấn Huỳnh Hữu Nghĩa: Đất nước, con người 
260 |a Sóc Trăng 
260 |b UBND huyện Mỹ Tú 
260 |c 1988 
650 |a Soc trang - description and travel 
904 |i Nguyễn Quang Điền, 960601 
980 |a Trung tâm Học liệu Trường Đại học Cần Thơ